Human Genetics and Genomics (Record no. 43)

MARC details
000 -LEADER
fixed length control field 01726cam a22003858a 4500
001 - CONTROL NUMBER
control field 14356835
003 - CONTROL NUMBER IDENTIFIER
control field OSt
005 - DATE AND TIME OF LATEST TRANSACTION
control field 20180316143557.0
008 - FIXED-LENGTH DATA ELEMENTS--GENERAL INFORMATION
fixed length control field 060427s2006 mau b 001 0 eng
010 ## - LIBRARY OF CONGRESS CONTROL NUMBER
LC control number 2006014205
020 ## - INTERNATIONAL STANDARD BOOK NUMBER
International Standard Book Number 9780632046560 (alk. paper)
020 ## - INTERNATIONAL STANDARD BOOK NUMBER
International Standard Book Number 0632046562 (alk. paper)
035 ## - SYSTEM CONTROL NUMBER
System control number (DNLM)101275411
040 ## - CATALOGING SOURCE
Original cataloging agency DNLM/DLC
Transcribing agency DLC
Modifying agency DLC
042 ## - AUTHENTICATION CODE
Authentication code pcc
050 00 - LIBRARY OF CONGRESS CALL NUMBER
Classification number RB155
Item number .K666 2006
060 10 - NATIONAL LIBRARY OF MEDICINE CALL NUMBER
Classification number QZ 18.2
Item number K84hu 2006
082 00 - DEWEY DECIMAL CLASSIFICATION NUMBER
Classification number QS 541 K81h 2007
100 1# - MAIN ENTRY--PERSONAL NAME
Personal name Korf, Bruce R.
9 (RLIN) 138
245 10 - TITLE STATEMENT
Title Human Genetics and Genomics
250 ## - EDITION STATEMENT
Edition statement 3rd ed.
260 ## - PUBLICATION, DISTRIBUTION, ETC. (IMPRINT)
Place of publication, distribution, etc. Malden;
Name of publisher, distributor, etc. Blackwell Pub.,
Date of publication, distribution, etc. c2006.
263 ## - PROJECTED PUBLICATION DATE
Projected publication date 1111
300 ## - PHYSICAL DESCRIPTION
Extent ix, 278p. ;
Dimensions 28cm.
Other physical details col.ill:
500 ## - GENERAL NOTE
General note Rev. ed. of: Human genetics / Bruce R. Korf. 2nd ed. c2000.
504 ## - BIBLIOGRAPHY, ETC. NOTE
Bibliography, etc Includes bibliographical references and index.
505 0# - FORMATTED CONTENTS NOTE
Formatted contents note DNA structure and function -- Genetic variation -- Patterns of inheritance -- The human genome -- Multifactorial inheritance -- Cell division and chromosomes -- Population genetics -- Cancer genetics -- Chromosome translocation -- Molecular diagnosis -- Newborn screening -- Developmental genetics -- Carrier screening -- Genetic risk assessment -- Genetic testing for risk of cancer -- Pharmacogenetics -- Gene therapy.
650 #0 - SUBJECT ADDED ENTRY--TOPICAL TERM
Topical term or geographic name as entry element Genetics
9 (RLIN) 139
650 22 - SUBJECT ADDED ENTRY--TOPICAL TERM
Topical term or geographic name as entry element Genomics
9 (RLIN) 143
856 41 - ELECTRONIC LOCATION AND ACCESS
Materials specified Table of contents only
Uniform Resource Identifier http://www.loc.gov/catdir/toc/ecip0613/2006014205.html
856 42 - ELECTRONIC LOCATION AND ACCESS
Materials specified Contributor biographical information
Uniform Resource Identifier http://www.loc.gov/catdir/enhancements/fy0802/2006014205-b.html
856 42 - ELECTRONIC LOCATION AND ACCESS
Materials specified Publisher description
Uniform Resource Identifier http://www.loc.gov/catdir/enhancements/fy0802/2006014205-d.html
906 ## - LOCAL DATA ELEMENT F, LDF (RLIN)
a 0
b vip
c orignew
d 1
e ecip
f 20
g y-gencatlg
942 ## - ADDED ENTRY ELEMENTS (KOHA)
Source of classification or shelving scheme Other/Generic Classification Scheme
Koha item type Open Shelf
Holdings
Withdrawn status Lost status Source of classification or shelving scheme Damaged status Not for loan Home library Current library Date acquired Inventory number Total Checkouts Full call number Barcode Date last seen Price effective from Koha item type
    Other/Generic Classification Scheme     MUST Main Library MUST Main Library 30/06/2014 2009/31932   QS 541 K81h 2007 2014-0055 30/06/2014 30/06/2014 Open Shelf